000 01534cam a22003011i 4500
003 SA-RiAUC
005 20250119135410.0
008 250118s2009 le g 00000 ara c
040 _aSA-RiIMS
_bara
_cSA-RiAUC
_erda
082 0 4 _a237.2
_qSA-RiAUC
090 _a237.2
_b ا م ي
100 1 _aالأمير، محمد بن محمد بن أحمد،
_d1154-1232 هجري
_eمؤلف.
245 1 0 _aثبت الأمير الكبير /
_cأبو عبد الله محمد بن محمد السنباوي المالكي الأزهري ؛ تحقيق محمد إبراهيم الحسين.
250 _aالطبعة الأولى.
264 1 _aبيروت :
_bشركة دار البشائر الإسلامية للطباعة والنشر والتوزيع،
_c2009
300 _a350 صفحة ؛
_c24 × 17 سم
336 _aنص
_btxt
_2rdacontent
_3كتاب
337 _aبدون وسيط
_bn
_2rdamedia
338 _aمجلد
_bnc
_2rdacarrier
490 1 _aمكتبة نظام يعقوبي الخاصة (المنامة).
_aالأثبات والمشيخات والإجازات والمسلسلات ؛
_v9
650 7 _aالحديث
_xإسناد
_2aucsh
650 7 _aالحديث
_xالمسانيد
_2aucsh
650 7 _aالحديث
_xمستدركات
_2aucsh
700 1 _aالحسين، محمد إبراهيم
_eمحقق.
830 2 _aمكتبة نظام يعقوبي الخاصة.
_pالأثبات والمشيخات والإجازات والمسلسلات
_v9
942 _2ddc
_cBOOK
_n0
949 _aSA-JeALM
_d250118
_umohamedma123
_n1
999 _c4983
_d4983